Govt. of
Madhya Pradesh

India And Nepal (Record no. 3615)

MARC details
000 -LEADER
fixed length control field 004920000a22001810004500
003 - CONTROL NUMBER IDENTIFIER
control field MACL
005 - DATE AND TIME OF LATEST TRANSACTION
control field 20150716135000.0
008 - FIXED-LENGTH DATA ELEMENTS--GENERAL INFORMATION
fixed length control field 150716b xxu||||| |||| 00| 0 eng d
040 ## - CATALOGING SOURCE
Original cataloging agency MACL
Transcribing agency MACL
041 ## - LANGUAGE CODE
Language code of text/sound track or separate title English
082 ## - DEWEY DECIMAL CLASSIFICATION NUMBER
Classification number 327/SEN
100 ## - MAIN ENTRY--PERSONAL NAME
Personal name Sen, Jahar
9 (RLIN) 2332
245 ## - TITLE STATEMENT
Title India And Nepal
Remainder of title Some Aspects Of Culture Contact
260 ## - PUBLICATION, DISTRIBUTION, ETC. (IMPRINT)
Name of publisher, distributor, etc. Indian Institute Of Advanced Study
Date of publication, distribution, etc. 1992
Place of publication, distribution, etc. New Delhi
350 ## - PRICE (NR) (BK AM CF MU VM SE) [OBSOLETE]
Price 120
650 ## - SUBJECT ADDED ENTRY--TOPICAL TERM
Topical term or geographic name as entry element International Relationships
9 (RLIN) 2165
942 ## - ADDED ENTRY ELEMENTS (KOHA)
Koha item type Books
Call number prefix 327
Source of classification or shelving scheme
Holdings
Withdrawn status Lost status Source of classification or shelving scheme Damaged status Not for loan Home library Current library Date acquired Cost, normal purchase price Total Checkouts Full call number Barcode Date last seen Uniform Resource Identifier Price effective from Koha item type
          MACL MACL 15/04/2015 120.00   327/SEN CRE007067 02/05/2024 3597 15/04/2015 Books